Word Chain - World Countries #2 - Statistics

General Stats
  • This quiz has been taken 149 times
  • The average score is 10 of 14
Answer Stats
Hint Answer % Correct
World's Largest country Russia
96%
Home of Lionel Messi Argentina
93%
Gift of the Nile Egypt
89%
The Holy Land Israel
86%
Land Down Under Australia
85%
Has a unique starting letter Qatar
81%
Cradle of civilization Iraq
78%
Formerly French Sudan Mali
69%
Workshop of the World United Kingdom
65%
Land of a Million Elephants Laos
64%
Formerly Ellice Islands Tuvalu
51%
The Lion City Singapore
42%
Warm Heart of Africa Malawi
40%
Battlefield of Europe Belgium
37%
No matching quizzes found
Score Distribution
Percent of People with Each Score
Percentile by Number Answered
Your Score History
You have not taken this quiz